Afrika /

Hlavní autor: Koster, Joyce
Další autoři: Brabcová, Lenka
Jazyk: Čeština
Vydáno: Praha : Rebo International CZ, 2018
Vydání: 1. vydání
Edice: Inspirativní průvodce pro cestovatele
Témata:
Fyzický popis: 96 stran : barevné ilustrace, mapy ; 22 cm
Knihy
Uloženo v:
LEADER 02016nam a2200565 i 4500
001 nkc20183044347
003 CZ PrNK
005 20181115164136.0
007 ta
008 181008s2018 xr ab e f 000 0 cze
015 |a cnb003044347 
020 |a 978-80-255-1060-5  |q (vázáno) 
035 |a (OCoLC)1078648546 
040 |a BOA001  |b cze  |d ABA001  |e rda 
041 1 |a cze  |k fre  |h dut 
043 |a f------ 
072 7 |a 913(6)  |x Geografie Afriky, reálie, cestování  |2 Konspekt  |9 7 
080 |a 913:338.483.1  |2 MRF 
080 |a 502.2:338.483.11  |2 MRF 
080 |a 908(6)  |2 MRF 
080 |a (6)  |2 MRF 
080 |a (036)  |2 MRF 
080 |a (084.12)  |2 MRF 
100 1 |a Koster, Joyce  |7 xx0227583  |4 aut 
245 1 0 |a Afrika /  |c Joyce Koster ; z francouzského překladu nizozemského originálu přeložila: Lenka Brabcová 
250 |a 1. vydání 
264 1 |a Praha :  |b Rebo International CZ,  |c 2018 
300 |a 96 stran :  |b barevné ilustrace, mapy ;  |c 22 cm 
336 |a text  |b txt  |2 rdacontent 
336 |a statický obraz  |b sti  |2 rdacontent 
337 |a bez média  |b n  |2 rdamedia 
338 |a svazek  |b nc  |2 rdacarrier 
490 1 |a Inspirativní průvoce pro cestovatele 
650 0 7 |a turistické zajímavosti  |7 ph126800  |z Afrika  |2 czenas 
650 0 7 |a přírodní zajímavosti  |7 ph137777  |z Afrika  |2 czenas 
650 0 9 |a tourist sights  |z Africa  |2 eczenas 
650 0 9 |a natural sights  |z Africa  |2 eczenas 
651 7 |a Afrika  |7 ge137148  |x vlastivěda  |2 czenas 
651 9 |a Africa  |x description and travel  |2 eczenas 
655 7 |a průvodce  |7 fd133154  |2 czenas 
655 7 |a fotografické publikace  |7 fd132276  |2 czenas 
655 9 |a guidebooks  |2 eczenas 
655 9 |a photographical works  |2 eczenas 
700 1 |a Brabcová, Lenka  |7 jo2014831498  |4 trl 
830 0 |a Inspirativní průvodce pro cestovatele  |0 s 
910 2 |a BOA001  |b 2-1414.639 
990 |a BK 
995 |a 01 
991 |b 201810  |c NOV 
996 6 |b 2610755900  |c 2-1414.639  |l MZK  |r Sklad / do 1 hodiny  |n 0  |p p.v.  |w 001689245  |u 000010  |a 1  |e BOA001  |j MZK50  |s P